000 01746nam a2200445 i 4500
001 DIGHERDER0715
003 NyNyDIG
007 cr |||||||||||
008 241114s2024 sp a ob 000 0 spa d
006 m o d
035 _a(OCoLC)1472055116
040 _aDGITA
_beng
_erda
_epn
_cDGITA
020 _a9788425451027
_qdigital
020 _z9788425451010
041 1 _aspa
_hger
050 1 4 _aBD216 ebook
100 1 _aHan, Byung-chul,
_eauthor.
240 1 0 _aGeist der Hoffnung.
_lSpanish
_s(Ciria)
245 1 3 _aEl espíritu de la esperanza :
_bcontra la sociedad del miedo /
_cByung-Chul Han ; con imágenes de Anselm Kiefer ; traducción de Alberto Ciria.
250 _a1a edición digital.
264 1 _aBarcelona :
_bHerder,
_c2024.
300 _a1 online resource :
_billustrations.
336 _atext
_btxt
_2rdacontent
337 _acomputer
_bc
_2rdamedia
338 _aonline resource
_bcr
_2rdacarrier
347 _atext file
_2rdaft
347 _bEPUB
504 _aIncludes bibliographical references.
588 0 _aOnline resource; title from ePub title page (Digitalia, viewed November 14, 2024)
650 0 _aHope
_xPhilosophy.
700 1 _aKiefer, Anselm, 1945-
_eillustrator.
700 1 _aCiria, Alberto,
_etranslator.
700 1 _iTranslation of:
_aHan, Byung-chul.
_tGeist der Hoffnung.
791 2 _aDigitalia (Firm),
_edistributor.
793 0 _gDigitalia eBook Collection:
_aHerder Editorial
776 0 8 _iPrint version:
_aHan, Byung-chul.
_sGeist der Hoffnung. Spanish (Ciria).
_tEspíritu de la esperanza.
_dBarcelona : Herder, [2024]
_z9788425451010
856 4 0 _3Digitalia Hispánica
_uhttps://www.digitaliapublishing.com/a/160920/
910 _aPremium collection: 2024
942 _cRAA
999 _c289039
_d289039